Estatísticas para Capitais do Mundo por Bandeiras

Clique aqui para jogar o quiz

Estatísticas Gerais

  • Esse quiz foi jogado 1 291 vezes
    (869 desde o último reset)
  • A pontuação média é 90 de 197

Estatísticas das Respostas

Resposta% Correto
Paris (França)
99%
Brasília (Brasil)
97%
Roma (Itália
96%
Berlim (Alemanha)
95%
Madrid (Espanha)
95%
Buenos Aires (Argentina)
94%
Lisboa (Portugal)
94%
Londres (Reino Unido)
92%
Moscou (Rússia)
91%
Washington D.C. (Estados Unidos da América)
91%
Tóquio (Japão)
90%
Cidade do México (México)
89%
Atenas (Grécia)
88%
Pequim (China)
86%
Bruxelas (Bélgica)
85%
Seul (Coreia do Sul)
82%
Amsterdã (Holanda)
81%
Vaticano (Vaticano)
81%
Caracas (Venezuela)
80%
Ottawa (Canadá)
80%
Dublin (Irlanda)
79%
Bogotá (Colômbia)
78%
Camberra (Austrália)
78%
Lima (Peru)
78%
Montevidéu (Uruguai)
78%
Jerusalém ou Tel Aviv(Israel)
77%
Havana (Cuba)
75%
Santiago (Chile)
75%
Assunção (Paraguai)
73%
Cairo (Egito)
73%
Nova Déli (Índia)
73%
Oslo (Noruega)
73%
Copenhague (Dinamarca)
71%
Pretória, Cidade do Cabo ou Bloemfontein (África do Sul)
71%
Zagreb (Croácia)
71%
Berna (Suíça)
70%
Cidade do Panamá (Panamá)
70%
Estocolmo (Suécia)
70%
Kiev (Ucrânia)
70%
Quito (Equador)
69%
Ancara (Turquia)
67%
Helsink (Finlândia)
67%
Pyongyang (Coreia do Norte)
65%
Sucre ou La Paz (Bolívia)
65%
Wellington (Nova Zelândia)
65%
Praga (Rep. Checa)
63%
Luanda (Angola)
62%
San Marino (San Marino)
62%
Varsóvia (Polônia)
62%
Mônaco (Mônaco)
61%
Luxemburgo (Luxemburgo)
60%
Beirute (Líbano)
59%
Budapeste (Hungria)
59%
Kingston (Jamaica)
59%
Sarajevo (Bósnia)
59%
Viena (Áustria)
59%
Reykjavik (Islândia)
58%
Cidade da Guatemala (Guatemala)
56%
Damasco (Síria)
56%
Doha (Catar)
56%
Bagdá (Iraque)
55%
Minsk (Bielorrússia)
55%
Bucareste (Romênia)
54%
Belgrado (Sérvia)
53%
Teerã (Irã)
53%
Abu Dhabi (Emirados Árabes Unidos)
52%
Hanoi (Vietnã)
52%
Jacarta (Indonésia)
52%
Nairóbi (Quênia)
52%
Andorra-a-velha (Andorra)
51%
Bangkok (Tailândia)
51%
Argel (Argélia)
50%
Manilla (Filipinas)
50%
Riad (Arábia Saudita)
50%
Sofia (Bulgária)
50%
Cabul (Afeganistão)
49%
San José (Costa Rica)
49%
Tunes (Tunísia)
49%
Vaduz (Liechtenstein)
49%
Pristina (Kosovo)
48%
Rabat (Marrocos)
48%
Manágua (Nicarágua)
47%
Riga (Letônia)
47%
Singapura (Singapura)
46%
Tirana (Albânia)
46%
Paramaribo (Suriname)
45%
Tegucigalpa (Honduras)
45%
Georgetown (Guiana)
44%
Islamabad (Paquistão)
44%
Porto Príncipe (Haiti)
44%
San Salvador (El Salvador)
44%
Bratislava (Eslováquia)
43%
Catmandu (Nepal)
43%
Chisinau (Moldávia)
43%
Escópia (Macedônia do Norte)
43%
Kuweit (Kuweit)
43%
Nicósia (Chipre)
43%
Kuala Lumpur (Malásia)
42%
Maputo (Moçambique)
42%
Taipé (Taiwan)
42%
Valeta (Malta)
42%
Abuja (Nigéria)
41%
Liubliana (Eslovênia)
41%
Nassau (Bahamas)
41%
Podgorica (Montenegro)
41%
Tallinn (Estônia)
41%
Santo Domingo (Rep. Dominicana)
40%
Accra (Gana)
39%
Vilnius (Lituânia)
39%
Nursultan (Cazaquistão)
37%
Erevan (Armênia)
36%
Tbilisi (Geórgia)
36%
Baku (Azerbaijão)
34%
Daca (Bangladesh)
34%
Dakar (Senegal)
33%
Ulaanbaatar (Mongólia)
33%
Djibouti (Djibouti)
32%
Thimbu (Butão)
32%
Vientiane (Laos)
32%
Yaoundé (Camarões)
32%
Praia (Cabo Verde)
31%
Adis Abeba (Etiópia)
30%
Amã (Jordânia)
30%
Belmopan (Belize)
30%
Bridgetown (Barbados)
30%
Kampala (Uganda)
30%
Kotte (Sri Lanka)
30%
Phnom Penh (Camboja)
30%
Saná (Iêmen)
30%
Tripoli (Líbia)
30%
Yamoussoukro (Costa do Marfim)
30%
Harare (Zimbábue)
29%
Mascate (Omã)
29%
Antananarivo (Madagascar)
28%
Bissau (Guiné-Bissau)
28%
Castries (Santa Lúcia)
28%
Dodoma (Tanzânia)
28%
Freetown (Serra Leoa)
28%
Jerusalém Oriental (Palestina)
28%
Port Moresby (Papua-Nova Guiné)
28%
São Tomé (São Tomé e Príncipe)
28%
Victoria (Seychelles)
28%
Bandar Seri Begawan (Brunei)
27%
Dili (Timor Leste)
27%
Juba (Sudão do Sul)
27%
Malé (Maldivas)
27%
Manamá (Bahrein)
27%
Asgabate (Turcomenistão)
26%
Bisqueque (Quirguistão)
25%
Brazzaville (Rep. do Congo)
25%
Cartum (Sudão)
25%
Kigali (Ruanda)
25%
Kingstown (São Vicente e Granadinas)
25%
Lusaka (Zâmbia)
25%
Porto da Espanha (Trindad e Tobago)
25%
Porto Novo ou Cotonou (Benim)
25%
Tashkent (Uzbequistão)
25%
Apia (Samoa)
24%
Basseterre (São Cristóvão e Nevis)
24%
Kinshasa (República Democrática do Congo)
24%
Windhoek (Namíbia)
24%
Asmara (Eritreia)
23%
Lomé (Togo)
23%
Roseau (Dominica)
23%
São João (Antigua e Barbuda)
23%
Suva (Fiji)
23%
Libreville (Gabão)
22%
Saint Georges (Granada)
22%
Bangui (Rep. Centro-Africana)
21%
Funafuti (Tuvalu)
21%
Gaborone (Botswana)
21%
Gitega (Burundi)
21%
Majuro (Ilhas Marshall)
21%
Mogadiscio (Somália)
21%
Monróvia (Libéria)
21%
N'Djamena (Chade)
21%
Palikir (Micronésia)
21%
Duchambé (Tajiquistão)
20%
Honiara (Ilhas Salomão)
20%
Lilongwe (Malawi)
20%
Naypyidaw (Myanmar)
20%
Niamey (Niger)
20%
Ouagadougou (Burkina-Faso)
20%
Banjul (Gâmbia)
19%
Conacri (Guiné)
19%
Maseru (Lesoto)
19%
Nuku'alofa (Tonga)
19%
Porto Vila (Vanuatu)
19%
Tarawa (Kiribati)
19%
Yaren (Nauru)
19%
Bamako (Mali)
18%
Malabo (Guiné-Equatorial)
18%
Mbabane (Suazilândia)
18%
Moroni (Comores)
18%
Ngerulmud (Palau)
18%
Nouakchott (Mauritânia)
18%
Port Louis (Maurícia)
18%

Distribuição das Pontuações

Percentil de Números Respondidos

Porcentagem de Pessoas com Cada Pontuação

Sua Pontuação Histórica

Você não jogou esse quiz desde o último reset